01236nam a22002177a 4500001001000000003001100010005001700021008004100038040001800079050001900097082001100116100002800127240020000155245019000355260005200545300001700597440021000614505009800824650006400922651003200986BRCA_9284FranzMayer20230724112652.0230721b |||||||| |||| 00| 0 eng d aMFMbespcMFM 4aLE55bH46 1785 2BT11031 4AutoraHenno, Francisci1 aTheologia Dogm. Moral et Scholast in gratiam y juvamen Studiose Juventutis Francisscana FF. Minor RecollectorumhTomus Septimus. Complectens Tractatus de Sacramentis in genere et specielItaliano0 aTheologia Dogm. Moral et Scholast in gratiam y juvamen Studiose Juventutis Francisscana FF. Minor RecollectorumbTomus Septimus. Complectens Tractatus de Sacramentis in genere et specie aVenecia, ItaliabHaeredis Nicolai Pezzanac1785 a646 pc17 cm aTheologia Dogm. Moral et Scholast in gratiam y juvamen Studiose Juventutis Francisscana FF. Minor RecollectorumnTomus Septimus. Complectens Tractatus de Sacramentis in genere et speciepTomo VIIvVol. VII0 aTexto en: italianoDirigido a: teólogos, historiadores, obispos.Incluye índice temático 1 2Religión aDoctrinas teológicas vTeología católica2 2FilosofíaaÉticavMoral